WWE Universal Champions - Statistics

General Stats
  • This quiz has been taken 511 times
    423 since last reset
  • The average score is 14 of 16
Answer Stats
Hint Answer % Correct
Summerslam 2018 Roman Reigns
98%
Payback 2020 Roman Reigns
98%
WrestleMania 33 Brock Lesnar
96%
Crown Jewel 2018 Brock Lesnar
96%
Extreme Rules 2019 Brock Lesnar
96%
WrestleMania 35 Seth Rollins
96%
Summerslam 2019 Seth Rollins
96%
Raw Kevin Owens
95%
Summerslam 2016 Finn Balor
93%
Crown Jewel 2019 Bray Wyatt
89%
Summerslam 2020 Bray Wyatt
89%
Fastlane 2017 Goldberg
89%
Super Showdown 2020 Goldberg
89%
WrestleMania 36 Night 1 Braun Strowman
85%
Raw Vacant
35%
Raw Vacant
35%
No matching quizzes found
Score Distribution
Percent of People with Each Score
Percentile by Number Answered
Your Score History
You have not taken this quiz since the last reset